| 000 | 00596nam a2200217 a 4500 | ||
|---|---|---|---|
| 001 | 000019175 | ||
| 003 | OSt | ||
| 005 | 20201001125629.0 | ||
| 008 | 100527s1993 ag r 000 p spa d | ||
| 020 | _a9504347398 | ||
| 040 |
_aDO-SdBNP _bspa _cBNPHU |
||
| 082 |
_a861.44 _bD152a |
||
| 100 | 1 |
_aDalter, Eduardo, _d1947- _941277 |
|
| 245 | 1 | 0 |
_aAguas vivas / _cEduardo Dalter. |
| 260 |
_aBuenos Aires, Argentina : _bEdiciones Del Canto, _c1993. |
||
| 300 |
_a62 p. ; _c20 cm. |
||
| 650 | 4 |
_aPoesía española _9631 |
|
| 650 | 4 |
_aLiteratura española _9632 |
|
| 942 |
_2ddc _cLF1 |
||
| 956 | _aLOPEREZ | ||
| 999 |
_c18693 _d18693 |
||